000 00304nam a22001337a 4500
008 170327b xxu||||| |||| 00| 0 eng d
020 _a0721677525
041 _aeng
080 _23 ED
_a615.83
100 _a8
101 _aSHM
245 _aTHE BELBOW AND ITS DISORDERRS
_cMORREY.B.F
942 _2udc
_cBK
999 _c8762
_d8762